000 00919nam a2200265Ia 4500
003 OSt
005 20221005112148.0
006 a|||||r|||| 00| 0
007 ta
008 221004b |||||||| |||| 00| 0 pan d
020 _a9788193452929 (hbk)
_cINR 300.00
024 _a35694
037 _b1006, 13/11/2017, H.K. Prakashan
_cTextual
040 _aCRL
_cCRL
_bpan
041 _2pan
_apan
082 _aO153,1N04x, Q7
100 _aਮਨਜੀਤਪਾਲ ਕੌਰ, ਂਚ.
245 0 _aਕੱਜਣ
260 _aਅੰਮ੍ਰਿਤਸਰ
_bਕੇ. ਜੀ. ਗ੍ਰਾਫਿਕਸ ਭਾਰਤ
_c2017
300 _a222ਪੰ
_ccm.
650 _a ਪੰਜਾਬੀ ਕਾਵਿ
650 _aਪੰਜਾਾਬੀ ਸਾਹਿਤ
942 _hO153,1N04x, Q7
_cTEXL
_2cc
999 _c1024022
_d1024022